000 01707cam a2200349 a 4500
005 20160106035544.0
008 010222s2000 ck abd r 001 0 spa d
020 _a958683235X
040 _aCO-BoPUJ
_cCO-BoIAVH
_dCO-BoIAVH
041 0 _aspa
044 _ack
082 0 4 _a333.7
_bP65d
110 2 _aPontificia Universidad Javeriana
_bFacultad de Estudios Ambientales y Rurales
_bInstituto de Estudios Ambientales para el Desarrollo. IDEADE
245 1 0 _aDesarrollo sostenible en los Andes de Colombia
_b(Provincias del Norte, Gutiérrez y Valderrama) Boyaca, Colombia
_cInstituto de Estudios Ambientales para el Desarrollo ; Hernando Cordero Pérez...[y otros 5]
250 _aPrimera edición
260 _aBogotá :
_bJAVEGRAF,
_c2000.
300 _a301 páginas :
_bilustraciones, gráficas, mapas y tablas ;
_c28 x 22 cm.
504 _aIncluye referencias bibliográficas (página 301) e indice.
650 6 _aConservación de los recursos naturales
650 6 _aConservación de bosques
_zCuenca media del río chicamocha (Colombia)
650 6 _aDesarrollo económico
_xAspectos ambientales
_zCuenca media del río chicamocha (Colombia)
650 6 _aEcología forestal
_zBoyaca (Colombia)
650 6 _aDesarrollo sostenible
_xAspectos ambientales
_zBoyaca (Colombia)
700 1 _aDevia Castillo, Carlos Alfonso
700 1 _aArenas Salazar, Hernando
700 1 _aHerrera Barrera, Juan Carlos
700 1 _aDíaz Martín, Demetrio
700 1 _aCárdenas Támara, Felipe
700 1 _aCordero Pérez, Hernando
710 2 _aUnión Europea
_bPrograma de Medio Ambiente
942 _2ddc
_cLIBRO
999 _c4986
_d4986